|
|
|
|
| LEADER |
00000nab a2200000 4500 |
| 001 |
vtls012014536 |
| 003 |
SK-MaSNL |
| 005 |
20260304023452.0 |
| 008 |
210215|2017 xo |||| ||an ||00 0|slo |
| 015 |
|
|
|a SNBRB2021/02
|
| 040 |
|
|
|a SPKCL
|b slo
|e rda
|
| 041 |
|
|
|a slo
|b eng
|
| 044 |
|
|
|a xo
|c SK
|
| 072 |
|
7 |
|a 37
|x Výchova a vzdelávanie
|2 konspekt
|
| 080 |
|
|
|a 37.013.42-055.2
|2 2011
|
| 100 |
1 |
|
|a Hroncová, Jolana,
|d 1949-
|4 aut
|9 190929
|
| 245 |
1 |
0 |
|a Sociálny pedagóg v škole v teoretickej reflexii a jeho problémy v praxi
|c Jolana Hroncová
|
| 300 |
|
|
|b Tabuľky
|
| 336 |
|
|
|a text
|b txt
|2 rdacontent
|
| 337 |
|
|
|a bez média
|b n
|2 rdamedia
|
| 338 |
|
|
|a zväzok
|b nc
|2 rdacarrier
|
| 504 |
|
|
|a Obsahuje bibliografiu
|
| 546 |
|
|
|a Anglické resumé
|
| 650 |
0 |
7 |
|a vzdelávanie učiteľov
|2 SNKPH
|9 4031
|
| 650 |
0 |
7 |
|a legislatíva
|2 SNKPH
|9 121217
|
| 650 |
0 |
7 |
|a poruchy správania
|2 SNKPH
|9 18480
|
| 650 |
0 |
7 |
|a výchovné pôsobenie
|2 snkbucl
|9 404139
|
| 650 |
0 |
7 |
|a sociální pedagógovia
|2 SNKPH
|9 52131
|
| 650 |
0 |
7 |
|a výskum
|2 SNKPH
|9 4238
|
| 773 |
0 |
|
|t Edukácia (online )
|g Roč. 2, č. 1 (2017), s. 80-88
|x 1339-8725
|
| 856 |
4 |
1 |
|u //www.upjs.sk/edukacia/
|
| 958 |
|
|
|a NB
|
| 999 |
|
|
|c 2616616
|d 2618546
|